Kpop idol chez JYP Entertainment - Statistiques

Statistiques générales
  • Ce quiz a été pris 866 fois
    487 depuis la dernière actualisation
  • Le résultat moyen est 37 sur 93
Statistiques - réponses
Hint Réponse % Correct
Straykids Bang Chan
94%
Felix
94%
Han
93%
Changbin
92%
Lee Know
92%
Hyunjin
91%
I.N
91%
Seungmin
89%
Itzy Yeji
88%
Lia
87%
Momo
86%
Twice Nayeon
85%
Sana
84%
Yuna
83%
Ryujin
82%
Min
81%
Tzuyu
81%
Jihyo
79%
Nmixx Lily
77%
Mina
77%
Chaeryeong
75%
Dahyun
75%
Chaeyoung
70%
ex Woojin
70%
Jeongyeon
69%
Bae
64%
Haewon
60%
BamBam
58%
Jackson
57%
Jiwoo
57%
Kyujin
57%
Sullyoon
57%
ex Jinni
55%
Got7 (ont quitté JYP mais
ils sont toujours actifs)
Mark
39%
Jinyoung
37%
Kaylee
35%
JayB
32%
Sunmi
32%
KG
31%
Yugyeom
31%
Suzy
30%
ex Jae
29%
Savanna
29%
Camila
28%
Kendall
28%
Vcha Lexi
28%
JYP Park Jinyoung
27%
Wonpil
26%
Youngjae
26%
HyunA
25%
Taecyeon
25%
Junho
24%
Gaon
23%
O.de
23%
Jun Han
22%
Young K
21%
Xdinary Heroes Gunil
20%
Jooyeon
20%
Dowoon
18%
Jungsu
18%
Miss A (Disband) Jia
17%
Nina
17%
Day 6 Sungjin
17%
Wooyoung
17%
Fei
16%
2PM Jun.K
15%
Chansung
14%
NiziU Mako
14%
Nichkhun
14%
Wonder Girls (Disband) Yubin
14%
Ayaka
13%
Maya
13%
Rio
13%
Sohee
13%
Junhyeok
12%
Mayuka
12%
Miihi
12%
Riku
12%
Rima
12%
Sunye
12%
Yeeun
12%
2AM (Disband) Jo Kwon
11%
Mingrui
11%
Xinlong
11%
Zeyu
11%
Zihao
11%
Changmin
10%
Boy Story Hanyu
10%
Shuyang
10%
Jinwoon
9%
Seulong
9%
ex Jaebeom
8%
Hyerim
6%
Aucun quiz correspondant
Distribution des résultats
% des personnes avec chaque résultat
Percentile par nombre de réponses
Votre historique - résultats
Vous n’avez pas pris ce quiz depuis la dernière actualisation